Los menores separados de sus familias y no acompañados en la UE /
Uloženo v:
| Hlavní autor: | |
|---|---|
| Další autoři: | |
| Médium: | Kniha |
| Jazyk: | Spanish |
| Tagy: |
Přidat tag
Žádné tagy, Buďte první, kdo vytvoří štítek k tomuto záznamu!
|
MARC
| LEADER | 00000nam a22000007a 4500 | ||
|---|---|---|---|
| 003 | cru CIDCACS/IIS | ||
| 005 | 20170504140920.0 | ||
| 007 | ta | ||
| 008 | 170504s2016 sp ||||| |||| 00| 0 spa d | ||
| 040 | |c cru CIDCACS/IIS | ||
| 100 | 1 | |9 4501 |a O´Donnell, Rebecca | |
| 245 | 1 | 4 | |a Los menores separados de sus familias y no acompañados en la UE / |c Rebecca O´Donnell, Jyothi Kanics |
| 300 | |a páginas 73-75: |b foto | ||
| 700 | 1 | |9 4502 |a Kanics, Jyothi | |
| 773 | 0 | |0 19267 |9 717 |a Centro de Estudios sobre Refugiados |d Universidad de Oxford ; Centro de Estudios sobre Refugiados |o R19249 |t Migraciones Forzadas / |x 14609819 | |
| 942 | |2 ddc |c PP | ||
| 999 | |c 19268 |d 19268 | ||
